|
|
|
|
| LEADER |
00000nam0a2200000 4500 |
| 001 |
270814 |
| 005 |
20231101234358.0 |
| 020 |
|
|
|a RU
|b 87-32260
|
| 035 |
|
|
|a (RuTPU)RU\TPU\book\293995
|
| 090 |
|
|
|a 270814
|
| 100 |
|
|
|a 20141002d1987 k a0rusy5003 ca
|
| 101 |
0 |
|
|a rus
|
| 102 |
|
|
|a UA
|
| 105 |
|
|
|a y z 001zy
|
| 200 |
1 |
|
|a Категориальный аппарат исторического материализма: методологическая функция
|f И. В. Бойченко
|g Академия наук Украинской ССР (АН УССР), Институт философии
|
| 210 |
|
|
|a Киев
|c Наукова думка
|d 1987
|
| 215 |
|
|
|a 240 с.
|
| 320 |
|
|
|a Библиогр.: с. 227-239 (308 назв.)
|
| 606 |
1 |
|
|a Исторический материализм
|x Категории
|2 stltpush
|3 (RuTPU)RU\TPU\subj\13275
|9 39913
|
| 610 |
1 |
|
|a методология
|
| 610 |
1 |
|
|a категориальный аппарат
|
| 610 |
1 |
|
|a познание
|
| 610 |
1 |
|
|a системогенез
|
| 610 |
1 |
|
|a совершенствование
|
| 610 |
1 |
|
|a социальное познание
|
| 610 |
1 |
|
|a действительность
|
| 686 |
|
|
|a Ю6
|v LBC/SL-A
|2 rubbk
|
| 700 |
|
1 |
|a Бойченко
|b И. В.
|g Иван Васильевич
|4 070
|
| 712 |
0 |
2 |
|a Академия наук Украинской ССР (АН УССР)
|b Институт философии
|2 stltpush
|3 (RuTPU)RU\TPU\col\12865
|
| 801 |
|
0 |
|a RU
|b RuMRKP
|c 19950417
|g psbo
|
| 801 |
|
1 |
|a RU
|b 63413507
|c 20141002
|
| 801 |
|
2 |
|a RU
|b 63413507
|c 20170307
|g RCR
|
| 942 |
|
|
|c BK
|